000 00491cam a2200205ua 4500
001 158
005 20260515113130.0
008 110322n ii |||gr||||Z||||||eng
040 _cMAIN
082 _a301
245 _aSocial philosophy.
_cBy J. Sanyal.
250 _a3rd.
260 _aCalcutta.:
_bSribhumi publishing company.,970.
300 _a245 p.:5 cm.
653 _aSociology.
653 _aSocial philosophy.
700 1 _aSanyal, J.,
700 1 _aMallick, K. N.,
942 _cBK
999 _c146
_d146